| 000 | 01198cam a22003493u 4500 | ||
|---|---|---|---|
| 999 |
_c29192 _d29163 |
||
| 001 | 011729852 | ||
| 003 | EG-ScBUE | ||
| 005 | 20210615104347.0 | ||
| 008 | 020612t2000 enkb f 000 0 eng d | ||
| 020 | _a074928546X (pbk.) | ||
| 020 | _a9780749285463 | ||
| 040 |
_aUk _beng _erda _cUk _dEG-ScBUE |
||
| 082 | 0 | 4 |
_a940.5 _bTOT _222 |
| 245 | 0 | 0 |
_aTotal war and social change : _bEurope, 1914-1955. _pSecondary sources / _cedited by Arthur Marwick and Wendy Simpson. |
| 246 | 3 | 0 | _aSecondary sources |
| 264 | 1 |
_aLondon : _bThe Open University, _c[2000] |
|
| 264 | 4 | _cc2000 | |
| 300 |
_a170 pages : _bmaps ; _c25 cm |
||
| 336 |
_atext _2rdacontent _btxt |
||
| 337 |
_aunmediated _2rdamedia _bn |
||
| 338 |
_avolume _2rdacarrier _bnc |
||
| 504 | _aIncludes bibliographical references. | ||
| 590 | _aThis book forms part of OU course AA312 | ||
| 650 | 7 |
_aMilitary history, Modern _y20th century. _2BUEsh |
|
| 651 | 7 |
_aEurope _xSocial conditions _y20th century. _2BUEsh |
|
| 653 |
_bGGEN _cJune2021 |
||
| 655 |
_vReading book _934232 |
||
| 700 | 1 |
_aMarwick, Arthur, _d1936-2006, _eeditor. |
|
| 700 | 1 |
_aSimpson, Wendy, _d1941- _eeditor. |
|
| 942 |
_2ddc _cBB |
||